000
00309nam a22001217a 4500
082
_a
338.9 MEI'L
100
_a
MEIR, GERALD M
_9
76189
245
_a
LEADING ISSUES IN ECONOMICS DEVELOPMENT STUDIES IN INTERNATIONAL POVERTY
250
_a
2ND
260
_a
LONDON
_b
OXFORD
_c
1974
300
_a
758P
942
_c
BK
999
_c
581595
_d
581595